| 000 | 005800000a22001930004500 | ||
|---|---|---|---|
| 001 | 1873 | ||
| 003 | CO-MdFUSB | ||
| 005 | 20170615144748.0 | ||
| 008 | 170615b xxu||||| |||| 00| 0 eng d | ||
| 020 | _a978-958-45-0744-0 | ||
| 040 | _cCO-MdBIC | ||
| 082 | 0 | 4 | _a863C B862lp |
| 100 | 1 | _aNöstlinger, Christine | |
| 245 | 1 | 0 | _aLeón pirata / ChristineNöstlinger ; traductora Olga Martín |
| 260 | _aBogotá : Grupo Editorial Norma | ||
| 300 | _a36 P. | ||
| 650 | 1 | 4 | _aCuentos Infantiles austriacos \ Familia - Cuentos infantiles \ Piratas - Cuentos infantiles |
| 942 | _cLGB | ||
| 999 |
_c49027 _d49027 |
||